[Event "Titled Tuesday intern op 06th Feb Early"]
[Site "Chess.com INT"]
[Date "2024.02.06"]
[Round "10"]
[White "Fabris, Alberto"]
[Black "Kekic, Armin"]
[Result "0-1"]
[WhiteElo "2230"]
[BlackElo "2138"]
[PlyCount "126"]
[EventDate "2024.02.06"]
[EventType "swiss (blitz)"]
[EventRounds "11"]
[EventCountry "USA"]
[SourceTitle "CB07_2024"]
[SourceDate "2024.02.14"]
[SourceVersion "1"]
[SourceVersionDate "2024.02.14"]
[SourceQuality "1"]

1. e4 e6 2. d4 d5 3. e5 c5 4. c3 Qb6 5. Nf3 Bd7 6. Be2 Bb5 7. 0-0 Bxe2 8. Qxe2 Nc6 9. Be3 h5 10. b3 Nh6 11. dxc5 Bxc5 12. Bxc5 Qxc5 13. Rc1 Nf5 14. Nbd2 Rd8 15. h3 h4 16. Nf1 g6 17. N1h2 Kf8 18. Ng4 Kg7 19. Rc2 a5 20. Rd1 a4 21. Qd3 b5 22. Nd4 Ncxd4 23. cxd4 Qa3 24. bxa4 Qxa4 25. Qb3 Qxb3 26. axb3 Rc8 27. Rc5 b4 28. Ne3 Nxe3 29. fxe3 Rxc5 30. dxc5 Rc8 31. Rc1 f6 32. exf6+ Kxf6 33. Kf2 Ke5 34. Kf3 Kf5 35. Rc2 Rc6 36. Rc1 e5 37. Rc2 e4+ 38. Ke2 Ke5 39. Rc1 g5 40. Kd2 d4 41. exd4+ Kxd4 42. Rc4+ Kd5 43. Rxb4 Rxc5 44. Rb8 Ke5 45. Rf8 Rd5+ 46. Ke2 Rd3 47. Rb8 Rg3 48. Kf1 Rc3 49. b4 Kf4 50. b5 Ke3 51. Kg1 Kd2 52. Rd8+ Rd3 53. Re8 e3 54. b6 Rb3 55. Rd8+ Ke1 56. Rd6 e2 57. Re6 Kd2 58. Rd6+ Rd3 59. Re6 e1Q+ 60. Rxe1 Kxe1 61. Kh2 Rb3 62. g4 hxg3+ 63. Kg2 Ke2 0-1

[Event "Titled Tuesday intern op 06th Feb Early"]
[Site "Chess.com INT"]
[Date "2024.02.06"]
[Round "3"]
[White "Shevchuk, Olexandr"]
[Black "Fabris, Alberto"]
[Result "1-0"]
[WhiteElo "2093"]
[BlackElo "2230"]
[PlyCount "141"]
[EventDate "2024.02.06"]
[EventType "swiss (blitz)"]
[EventRounds "11"]
[EventCountry "USA"]
[SourceTitle "CB07_2024"]
[SourceDate "2024.02.14"]
[SourceVersion "1"]
[SourceVersionDate "2024.02.14"]
[SourceQuality "1"]

1. d4 Nf6 2. c4 e6 3. g3 Bb4+ 4. Bd2 Qe7 5. Bg2 0-0 6. Nf3 d5 7. 0-0 c6 8. Qc2 Nbd7 9. Rd1 b6 10. Bf4 Bd6 11. Bxd6 Qxd6 12. Nbd2 Bb7 13. e4 dxe4 14. Nxe4 Nxe4 15. Qxe4 Nf6 16. Qe5 Rfd8 17. a3 c5 18. Qxd6 Rxd6 19. dxc5 Rxd1+ 20. Rxd1 bxc5 21. b4 cxb4 22. axb4 h6 23. Ra1 Be4 24. Ne5 Rb8 25. b5 Rb7 26. Bxe4 Nxe4 27. Nc6 Nd2 28. Rxa7 Rxa7 29. Nxa7 Nxc4 30. Nc8 Na5 31. Nd6 Kf8 32. b6 Ke7 33. b7 Nc6 34. Nc4 f6 35. f4 Kd7 36. Na5 Nb8 37. Kf2 Kc7 38. Ke3 Kb6 39. Nc4+ Kxb7 40. Nd6+ Kc6 41. Ne8 g5 42. Nxf6 Kd6 43. fxg5 hxg5 44. Ne4+ Ke5 45. Nxg5 Nc6 46. h3 Kf5 47. Nf3 Ne7 48. g4+ Kf6 49. Ke4 Nd5 50. h4 Nc3+ 51. Kf4 Nd5+ 52. Ke4 Nc3+ 53. Kd3 Nd5 54. Kd4 Nf4 55. Ke4 Ne2 56. h5 Nc3+ 57. Kd4 Ne2+ 58. Ke4 Nc3+ 59. Kd3 Nd5 60. Kd4 Nf4 61. Ke4 Ne2 62. g5+ Kf7 63. Ke5 Ng3 64. h6 Nh5 65. Nh4 Ng3 66. g6+ Kg8 67. Kxe6 Nh5 68. Kf5 Ng3+ 69. Ke5 Nh5 70. Nf5 Kf8 71. h7 1-0

[Event "Titled Tuesday intern op 06th Feb Early"]
[Site "Chess.com INT"]
[Date "2024.02.06"]
[Round "5"]
[White "White, John S"]
[Black "Fabris, Alberto"]
[Result "0-1"]
[WhiteElo "2235"]
[BlackElo "2230"]
[PlyCount "108"]
[EventDate "2024.02.06"]
[EventType "swiss (blitz)"]
[EventRounds "11"]
[EventCountry "USA"]
[SourceTitle "CB07_2024"]
[SourceDate "2024.02.14"]
[SourceVersion "1"]
[SourceVersionDate "2024.02.14"]
[SourceQuality "1"]

1. e4 c5 2. Nf3 Nc6 3. d4 cxd4 4. Nxd4 Nf6 5. Nc3 e5 6. Ndb5 d6 7. Na3 a6 8. f3 b5 9. Nd5 Be6 10. c4 b4 11. Nxf6+ Qxf6 12. Nc2 a5 13. Be3 Be7 14. b3 0-0 15. Be2 Qg6 16. 0-0 Kh8 17. Kh1 f5 18. Bd3 f4 19. Bf2 Qh6 20. Rc1 Rad8 21. Qe2 Bh4 22. Bxh4 Qxh4 23. Qf2 Qxf2 24. Rxf2 a4 25. bxa4 Ra8 26. Rb1 Rxa4 27. Kg1 Rfa8 28. a3 bxa3 29. Ra1 a2 30. Ne1 Bxc4 31. Bxc4 Rxc4 32. Rfxa2 Rxa2 33. Rxa2 Kg8 34. Ra6 Kf7 35. Nd3 Rc2 36. Kf1 Ke6 37. Rb6 Nd4 38. Rb7 Rd2 39. Nf2 Nc2 40. Rc7 Ne3+ 41. Ke1 Ra2 42. Rc1 Nxg2+ 43. Kf1 Ne3+ 44. Kg1 g5 45. Nh3 h6 46. Nf2 Kf6 47. h3 h5 48. Rb1 g4 49. hxg4 hxg4 50. Nxg4+ Nxg4 51. fxg4 Kg5 52. Rb6 Rd2 53. Kf1 Kxg4 54. Ke1 Rd4 0-1

[Event "Titled Tuesday intern op 13th Jun Early"]
[Site "Chess.com INT"]
[Date "2023.06.13"]
[Round "6"]
[White "Davidson, Kevin"]
[Black "Fabris, Alberto"]
[Result "1-0"]
[WhiteElo "2154"]
[BlackElo "2230"]
[PlyCount "89"]
[EventDate "2023.06.13"]
[EventType "swiss (blitz)"]
[EventRounds "11"]
[EventCountry "USA"]
[SourceTitle "EXT 2024"]
[Source "ChessBase"]
[SourceDate "2023.10.10"]
[SourceVersion "1"]
[SourceVersionDate "2023.10.10"]
[SourceQuality "1"]

1. e4 c5 2. Nf3 d6 3. d4 cxd4 4. Nxd4 Nf6 5. Nc3 a6 6. h3 e6 7. g4 Be7 8. Bg2 Qc7 9. 0-0 Nc6 10. Be3 0-0 11. g5 Nd7 12. f4 Nxd4 13. Bxd4 b5 14. a3 Bb7 15. Qe2 Nb6 16. Rad1 Rad8 17. h4 d5 18. Qf2 Nc4 19. exd5 exd5 20. f5 Bd6 21. Nxd5 Bxd5 22. Bxd5 Bg3 23. Qg2 Bxh4 24. g6 Qg3 25. gxf7+ Kh8 26. Qxg3 Bxg3 27. Be6 Bh4 28. Bc5 Nxb2 29. Bxf8 Rxf8 30. Rd7 Bf6 31. Kg2 Nc4 32. Bxc4 bxc4 33. Re1 g6 34. Re8 Kg7 35. fxg6 hxg6 36. Rxf8 Kxf8 37. a4 Be7 38. Ra7 Kxf7 39. Rxa6 Bf6 40. Rc6 c3 41. a5 Bd4 42. a6 Ke7 43. a7 Bxa7 44. Rc7+ Kd6 45. Rxa7 1-0

[Event "Titled Tuesday intern op 13th Jun Early"]
[Site "Chess.com INT"]
[Date "2023.06.13"]
[Round "5"]
[White "Gomez Barrera, Javiera Belen"]
[Black "Fabris, Alberto"]
[Result "1-0"]
[WhiteElo "2256"]
[BlackElo "2230"]
[PlyCount "99"]
[EventDate "2023.06.13"]
[EventType "swiss (blitz)"]
[EventRounds "11"]
[EventCountry "USA"]
[SourceTitle "EXT 2024"]
[Source "ChessBase"]
[SourceDate "2023.10.10"]
[SourceVersion "1"]
[SourceVersionDate "2023.10.10"]
[SourceQuality "1"]

1. e4 c5 2. Nf3 d6 3. Nc3 Nf6 4. d4 cxd4 5. Nxd4 a6 6. Be3 e5 7. Nb3 Be7 8. f3 0-0 9. Qd2 Nbd7 10. g4 Nc5 11. g5 Nfd7 12. Nd5 Nxb3 13. axb3 Nc5 14. Nxe7+ Qxe7 15. 0-0-0 Ne6 16. Qxd6 Qxd6 17. Rxd6 Rd8 18. Rxd8+ Nxd8 19. Bc4 Be6 20. Rd1 Bxc4 21. bxc4 Ne6 22. Rd7 b5 23. c5 Rc8 24. b4 Kf8 25. Ra7 Rc6 26. Kb2 Ke8 27. Kb3 Nc7 28. c4 Kd8 29. cxb5 axb5 30. Ra1 h6 31. h4 hxg5 32. hxg5 Kc8 33. Rh1 Rg6 34. Rh8+ Kb7 35. Rf8 f6 36. Kc3 Kc6 37. Kd3 Ne6 38. Rb8 Nxg5 39. Rb6+ Kc7 40. Bxg5 Rxg5 41. Rxb5 Rg3 42. Ke3 g6 43. Rb6 f5 44. exf5 gxf5 45. Rf6 Rg5 46. b5 f4+ 47. Ke4 Rh5 48. Rf7+ Kb8 49. b6 Rh6 50. Kxe5 1-0

[Event "Titled Tuesday intern op 13th Jun Early"]
[Site "Chess.com INT"]
[Date "2023.06.13"]
[Round "2"]
[White "Gonzalez Zamora, Juan Carlos"]
[Black "Fabris, Alberto"]
[Result "1-0"]
[WhiteElo "2479"]
[BlackElo "2230"]
[PlyCount "99"]
[EventDate "2023.06.13"]
[EventType "swiss (blitz)"]
[EventRounds "11"]
[EventCountry "USA"]
[SourceTitle "EXT 2024"]
[Source "ChessBase"]
[SourceDate "2023.10.10"]
[SourceVersion "1"]
[SourceVersionDate "2023.10.10"]
[SourceQuality "1"]

1. e4 c5 2. Nf3 d6 3. d4 cxd4 4. Nxd4 Nf6 5. Nc3 a6 6. Be2 e5 7. Nb3 Be7 8. Be3 0-0 9. 0-0 Nbd7 10. Qd3 Qc7 11. a4 b6 12. Nd5 Nxd5 13. exd5 Nc5 14. Nxc5 bxc5 15. f4 f5 16. fxe5 dxe5 17. Kh1 Bd6 18. Qc4 Rb8 19. Bd2 Kh8 20. Bc3 a5 21. Rae1 Bd7 22. Qh4 Qd8 23. Qxd8 Rfxd8 24. Bxa5 Re8 25. b3 g6 26. Bc3 Kg7 27. Bc4 Kf6 28. a5 Bb5 29. Bxb5 Rxb5 30. Rf4 Ra8 31. Ra4 Ra6 32. Rh4 h5 33. Ra4 g5 34. g3 Rb7 35. Kg2 Rd7 36. h4 gxh4 37. Rxh4 Rh7 38. Rc4 Rd7 39. Rd1 Bc7 40. Rxc5 Bd6 41. Rc6 Ra8 42. Bb4 Ke7 43. Rxd6 Rxd6 44. c4 Kd7 45. Bxd6 Kxd6 46. b4 e4 47. c5+ Ke5 48. d6 h4 49. d7 Rd8 50. c6 1-0

[Event "Titled Tuesday intern op 09th May Early"]
[Site "Chess.com INT"]
[Date "2023.05.09"]
[Round "10"]
[White "Fabris, Alberto"]
[Black "Chemin, Justo Reinaldo"]
[Result "0-1"]
[WhiteElo "2230"]
[BlackElo "2040"]
[PlyCount "134"]
[EventDate "2023.05.09"]
[EventType "swiss (blitz)"]
[EventRounds "11"]
[EventCountry "USA"]
[SourceTitle "CBM 214 Extra"]
[Source "ChessBase"]
[SourceDate "2023.07.31"]
[SourceVersion "1"]
[SourceVersionDate "2023.07.31"]
[SourceQuality "1"]

1. e4 e5 2. Nf3 Nc6 3. Bc4 Bc5 4. c3 Bb6 5. d4 Qe7 6. d5 Nb8 7. a4 a6 8. a5 Ba7 9. b3 d6 10. Be3 Bxe3 11. fxe3 Nf6 12. Nbd2 Nbd7 13. b4 Nf8 14. Qe2 Ng6 15. Bd3 0-0 16. Nf1 Bd7 17. Ng3 h6 18. 0-0 Nh7 19. Nf5 Qe8 20. N3h4 Ng5 21. Qg4 Nxh4 22. Qxh4 Bxf5 23. Rxf5 Qe7 24. Qg4 g6 25. Rf2 h5 26. Qg3 h4 27. Qg4 Kg7 28. Raf1 Rad8 29. Kh1 Rh8 30. c4 h3 31. g3 Rh5 32. Bc2 Qd7 33. Qe2 Rf8 34. c5 Nh7 35. Qd1 Rg5 36. Ba4 Qg4 37. Qxg4 Rxg4 38. Bc2 Ng5 39. Rc1 Nxe4 40. Bxe4 Rxe4 41. cxd6 cxd6 42. Rb2 Rxe3 43. Kg1 Rd3 44. Rc7 Rb8 45. b5 axb5 46. Rxb5 e4 47. Kf2 Ra3 48. Rd7 Ra2+ 49. Ke3 Ra8 50. Rbxb7 Ra3+ 51. Kxe4 Ra4+ 52. Kd3 Ra3+ 53. Kc4 R3xa5 54. Rxf7+ Kh6 55. Rfd7 Ra4+ 56. Kb3 Ra3+ 57. Kb4 R3a4+ 58. Kb5 R4a5+ 59. Kb4 Rxd5 60. Rh7+ Kg5 61. Rxh3 Rd4+ 62. Kb5 Rd5+ 63. Kc6 Rd3 64. Rh4 Rc8+ 65. Kd7 Rc2 66. Rf4 Rcd2 67. Rb6 d5 0-1

[Event "Titled Tuesday intern op 09th May Early"]
[Site "Chess.com INT"]
[Date "2023.05.09"]
[Round "6"]
[White "Fabris, Alberto"]
[Black "Shubenkova, Veronika"]
[Result "0-1"]
[WhiteElo "2230"]
[BlackElo "1960"]
[PlyCount "86"]
[EventDate "2023.05.09"]
[EventType "swiss (blitz)"]
[EventRounds "11"]
[EventCountry "USA"]
[SourceTitle "CBM 214 Extra"]
[Source "ChessBase"]
[SourceDate "2023.07.31"]
[SourceVersion "1"]
[SourceVersionDate "2023.07.31"]
[SourceQuality "1"]

1. e4 e6 2. d3 d5 3. Nd2 Nf6 4. g3 Be7 5. Bg2 0-0 6. Ngf3 d4 7. 0-0 c5 8. a4 Nc6 9. Nc4 b6 10. Bd2 Bb7 11. Re1 a6 12. a5 b5 13. Nb6 Ra7 14. e5 Nd7 15. Nxd7 Qxd7 16. Qe2 Raa8 17. h4 Rac8 18. b3 Rfd8 19. Ng5 h6 20. Nh3 Bf8 21. Nf4 Ne7 22. Be4 Bxe4 23. Qxe4 c4 24. Nh5 cxd3 25. cxd3 Nf5 26. Qg4 Kh8 27. Qh3 Rc2 28. Bf4 Ne7 29. g4 Ng6 30. Bg3 Be7 31. Nf4 Qb7 32. h5 Nf8 33. Qg2 Qxg2+ 34. Kxg2 Rdc8 35. Re2 R2c3 36. Rb1 Nd7 37. Kf3 Nc5 38. Rd2 Nxb3 39. Rdd1 Nxa5 40. Ra1 Bb4 41. Ke4 Rc2 42. Bh4 Kh7 43. f3 Bd2 0-1

[Event "Titled Tuesday intern op 09th May Early"]
[Site "Chess.com INT"]
[Date "2023.05.09"]
[Round "2"]
[White "Fabris, Alberto"]
[Black "Vivas Zamora, Fabian Ernesto"]
[Result "1-0"]
[WhiteElo "2230"]
[BlackElo "2346"]
[PlyCount "101"]
[EventDate "2023.05.09"]
[EventType "swiss (blitz)"]
[EventRounds "11"]
[EventCountry "USA"]
[SourceTitle "CBM 214 Extra"]
[Source "ChessBase"]
[SourceDate "2023.07.31"]
[SourceVersion "1"]
[SourceVersionDate "2023.07.31"]
[SourceQuality "1"]

1. e4 e5 2. Nf3 Nc6 3. Bc4 Nf6 4. d3 Bc5 5. c3 0-0 6. 0-0 d5 7. exd5 Nxd5 8. Re1 Bg4 9. Nbd2 Nb6 10. Nf1 Nxc4 11. dxc4 Qxd1 12. Rxd1 e4 13. h3 Bxf3 14. gxf3 exf3 15. Bf4 Rfe8 16. Ne3 Bxe3 17. Bxe3 Ne5 18. b3 Rad8 19. Kh2 f6 20. Kg3 Kf7 21. Rd4 c5 22. Rxd8 Rxd8 23. Bxc5 Rd2 24. Bxa7 g5 25. Bd4 Ke6 26. Bxe5 Kxe5 27. Kxf3 Rd3+ 28. Kg2 Rxc3 29. Re1+ Kf4 30. Re7 f5 31. Rxb7 h5 32. Rb4 h4 33. c5+ Ke5 34. Rb5 Kf4 35. b4 g4 36. hxg4 fxg4 37. Rb8 Rc2 38. Rf8+ Ke4 39. a4 g3 40. a5 gxf2 41. a6 h3+ 42. Kxh3 Kd5 43. a7 Ra2 44. Rxf2 Rxa7 45. Rf6 Kc4 46. Rb6 Rg7 47. c6 Rc7 48. b5 Kc5 49. Rb7 Rc8 50. c7 Kd6 51. b6 1-0

[Event "Titled Tuesday intern op 18th Apr Early"]
[Site "Chess.com INT"]
[Date "2023.04.18"]
[Round "6"]
[White "Fabris, Alberto"]
[Black "Lenoir Ibacache, Gabriel Alberto"]
[Result "0-1"]
[WhiteElo "2230"]
[BlackElo "2225"]
[PlyCount "194"]
[EventDate "2023.04.18"]
[EventType "swiss (blitz)"]
[EventRounds "11"]
[EventCountry "USA"]
[SourceTitle "EXT 2024"]
[Source "ChessBase"]
[SourceDate "2023.10.10"]
[SourceVersion "1"]
[SourceVersionDate "2023.10.10"]
[SourceQuality "1"]

1. e4 c5 2. Nf3 d6 3. Bb5+ Nd7 4. 0-0 a6 5. Be2 Ngf6 6. d3 g6 7. c3 b6 8. Nbd2 Bb7 9. Re1 Bg7 10. Nf1 0-0 11. Ng3 Rc8 12. Bf1 Ne5 13. Bf4 Nxf3+ 14. Qxf3 e5 15. Bg5 h6 16. Be3 d5 17. Rad1 Qc7 18. Bc1 Rfe8 19. Bxh6 Nxe4 20. Bxg7 Nxg3 21. Bxe5 Rxe5 22. Qxg3 Rxe1 23. Rxe1 Qxg3 24. hxg3 d4 25. Re7 Bd5 26. c4 Be6 27. Rb7 b5 28. cxb5 axb5 29. a3 c4 30. Rxb5 c3 31. bxc3 dxc3 32. Rb1 c2 33. Rc1 Rc3 34. f3 Ba2 35. Kf2 Bb1 36. Ke3 Rxa3 37. Kd2 Kg7 38. d4 Ra4 39. Kc3 Ra3+ 40. Kb4 Re3 41. Kc4 Kf6 42. Bd3 Ke6 43. Kc3 Kd5 44. Kd2 Kxd4 45. Bxc2 Bxc2 46. Rxc2 Ra3 47. Ke2 f5 48. Rd2+ Ke5 49. Kf2 g5 50. Re2+ Kd4 51. Re8 Ra2+ 52. Kg1 Kd5 53. Kh2 Ra6 54. Rg8 Rh6+ 55. Kg1 Rh5 56. Kf2 Ke5 57. Re8+ Kf6 58. Ra8 Rh7 59. Ra6+ Ke5 60. Ke3 f4+ 61. gxf4+ gxf4+ 62. Kf2 Rb7 63. Ra5+ Kf6 64. Kg1 Rb2 65. Kh2 Rb8 66. Kh3 Rg8 67. Kh2 Rh8+ 68. Kg1 Rb8 69. Ra4 Kf5 70. Ra5+ Kf6 71. Rc5 Ra8 72. Kh2 Rh8+ 73. Kg1 Ra8 74. Rc2 Kf5 75. Kf2 Ra3 76. Rb2 Rc3 77. g3 fxg3+ 78. Kxg3 Rc4 79. Rb5+ Kf6 80. f4 Rc1 81. Kf3 Rf1+ 82. Ke3 Re1+ 83. Kf2 Re4 84. Kf3 Re1 85. Rb6+ Kf5 86. Rb5+ Kf6 87. Rb4 Rf1+ 88. Kg2 Re1 89. Kg3 Rg1+ 90. Kf2 Rd1 91. Ke3 Re1+ 92. Kf3 Rc1 93. Re4 Rf1+ 94. Kg2 Rc1 95. Kg3 Rg1+ 96. Kf2 Rc1 97. Rb4 Rd1 0-1

[Event "Titled Tuesday intern op 18th Apr Early"]
[Site "Chess.com INT"]
[Date "2023.04.18"]
[Round "3"]
[White "Manon Og, Ramon Jr"]
[Black "Fabris, Alberto"]
[Result "1-0"]
[WhiteElo "1999"]
[BlackElo "2230"]
[PlyCount "81"]
[EventDate "2023.04.18"]
[EventType "swiss (blitz)"]
[EventRounds "11"]
[EventCountry "USA"]
[SourceTitle "EXT 2024"]
[Source "ChessBase"]
[SourceDate "2023.10.10"]
[SourceVersion "1"]
[SourceVersionDate "2023.10.10"]
[SourceQuality "1"]

1. e4 c5 2. Nf3 d6 3. Bb5+ Nd7 4. a4 g6 5. c3 Bg7 6. 0-0 Ngf6 7. Qe2 0-0 8. d3 b6 9. Bg5 Bb7 10. Nbd2 Qc7 11. Rfe1 e5 12. h3 Bc6 13. Bc4 a6 14. Bb3 b5 15. a5 Rae8 16. Qe3 d5 17. Rec1 c4 18. dxc4 dxc4 19. Bc2 Qd6 20. Rd1 Qc5 21. Nf1 Qxe3 22. Nxe3 h6 23. Rd6 Bxe4 24. Bxe4 Nxe4 25. Rxd7 Nxg5 26. Nxg5 hxg5 27. Rad1 f5 28. Nd5 e4 29. Nc7 Re5 30. Nxa6 f4 31. Nb4 f3 32. a6 e3 33. fxe3 f2+ 34. Kf1 Rxe3 35. a7 Ree8 36. Nc6 Ra8 37. Ne7+ Kh7 38. Nd5 Rad8 39. Rxd8 Rxd8 40. Nf6+ Bxf6 41. Rxd8 1-0

[Event "Titled Tuesday intern op 18th Apr Early"]
[Site "Chess.com INT"]
[Date "2023.04.18"]
[Round "7"]
[White "Thiel, Thomas"]
[Black "Fabris, Alberto"]
[Result "1/2-1/2"]
[WhiteElo "2234"]
[BlackElo "2230"]
[PlyCount "100"]
[EventDate "2023.04.18"]
[EventType "swiss (blitz)"]
[EventRounds "11"]
[EventCountry "USA"]
[SourceTitle "EXT 2024"]
[Source "ChessBase"]
[SourceDate "2023.10.10"]
[SourceVersion "1"]
[SourceVersionDate "2023.10.10"]
[SourceQuality "1"]

1. e4 c5 2. Nc3 Nc6 3. Bb5 g6 4. Bxc6 dxc6 5. d3 Bg7 6. Be3 b6 7. Qd2 Nf6 8. Bh6 0-0 9. h4 e5 10. Nge2 Ng4 11. Bxg7 Kxg7 12. h5 g5 13. f3 Nh6 14. Ng3 Kh8 15. 0-0-0 f5 16. exf5 Nxf5 17. Nxf5 Bxf5 18. Qe3 Qf6 19. Rde1 Rae8 20. Ne4 Bxe4 21. Qxe4 Qf4+ 22. Kb1 Qxe4 23. Rxe4 Rf4 24. Rhe1 Rxe4 25. Rxe4 Kg7 26. Kc1 Kf6 27. Kd2 Rg8 28. Ke3 Ke6 29. Rg4 h6 30. Ra4 a5 31. a3 Ra8 32. b4 cxb4 33. axb4 Kd6 34. Ke4 Ra7 35. c3 Ra8 36. Ke3 Kd5 37. Kd2 Ra7 38. Kc2 Ra8 39. Kb3 Ra7 40. bxa5 bxa5 41. Re4 Rb7+ 42. Ka4 Rb2 43. Rg4 Ra2+ 44. Kb3 Rd2 45. c4+ Kc5 46. Kc3 Rf2 47. Re4 Kd6 48. Rg4 Kc5 49. Re4 Kd6 50. Rg4 Kc5 1/2-1/2

[Event "Titled Tuesday intern op 28th Mar Early"]
[Site "Chess.com INT"]
[Date "2023.03.28"]
[Round "1"]
[White "Raahul, VS."]
[Black "Fabris, Alberto"]
[Result "1-0"]
[WhiteElo "2306"]
[BlackElo "2230"]
[PlyCount "83"]
[EventDate "2023.03.28"]
[EventType "swiss (blitz)"]
[EventRounds "11"]
[EventCountry "USA"]
[SourceTitle "EXT 2024"]
[Source "ChessBase"]
[SourceDate "2023.10.10"]
[SourceVersion "1"]
[SourceVersionDate "2023.10.10"]
[SourceQuality "1"]

1. c4 e5 2. Nc3 Nf6 3. g3 Bb4 4. Bg2 0-0 5. Nf3 Re8 6. 0-0 d6 7. Nd5 Nxd5 8. cxd5 Nd7 9. d4 exd4 10. Nxd4 Nf6 11. Nb3 Bc5 12. Nxc5 dxc5 13. Be3 Qd6 14. Rc1 b6 15. b4 cxb4 16. Bf4 Qd7 17. Rxc7 Qb5 18. d6 Bd7 19. Bxa8 Rxa8 20. Qd3 Qxd3 21. exd3 Bb5 22. Rfc1 h6 23. Be5 Nd5 24. Rc8+ Rxc8 25. Rxc8+ Kh7 26. Rd8 f6 27. d7 Kg6 28. Bb8 a5 29. Bd6 a4 30. f4 b3 31. axb3 axb3 32. Ba3 Kf5 33. Kf2 g5 34. fxg5 hxg5 35. h4 Kg4 36. h5 f5 37. h6 Nf6 38. Rf8 Nxd7 39. h7 Nxf8 40. h8Q Ng6 41. Qd4+ Kh5 42. Qd5 1-0

[Event "Titled Tuesday intern op 28th Mar Early"]
[Site "Chess.com INT"]
[Date "2023.03.28"]
[Round "5"]
[White "Yarullina, Alina"]
[Black "Fabris, Alberto"]
[Result "1-0"]
[WhiteElo "2084"]
[BlackElo "2230"]
[PlyCount "99"]
[EventDate "2023.03.28"]
[EventType "swiss (blitz)"]
[EventRounds "11"]
[EventCountry "USA"]
[SourceTitle "EXT 2024"]
[Source "ChessBase"]
[SourceDate "2023.10.10"]
[SourceVersion "1"]
[SourceVersionDate "2023.10.10"]
[SourceQuality "1"]

1. e4 c5 2. Nf3 d6 3. d4 cxd4 4. Nxd4 Nf6 5. Nc3 a6 6. f3 e5 7. Nb3 Be6 8. Be3 Be7 9. Qd2 Qc7 10. 0-0-0 h5 11. Rg1 Nbd7 12. Kb1 Rc8 13. h3 h4 14. f4 exf4 15. Bxf4 Ne5 16. Nd5 Bxd5 17. exd5 b5 18. Bxe5 dxe5 19. d6 Bxd6 20. Qxd6 Qxc2+ 21. Ka1 Qc7 22. Qxc7 Rxc7 23. Be2 Ne4 24. Bf3 Ng3 25. Rge1 f6 26. Nd2 Ke7 27. Ne4 Nxe4 28. Bxe4 Rd8 29. Rxd8 Kxd8 30. Kb1 Ke7 31. b3 Ke6 32. Rf1 Rc3 33. Rf3 Rc7 34. Kb2 b4 35. Bd3 a5 36. Bc4+ Ke7 37. Kc2 Rd7 38. Rd3 Rxd3 39. Kxd3 f5 40. Ke3 Kd6 41. Bf7 g5 42. Bg6 Ke6 43. Bh7 Kf6 44. Kf3 Ke6 45. Ke3 Kf6 46. Bg8 Kg6 47. Kd3 Kf6 48. Kc4 g4 49. Kb5 e4 50. Kxa5 1-0

[Event "Titled Tuesday intern op 21st Mar Early"]
[Site "Chess.com INT"]
[Date "2023.03.21"]
[Round "6"]
[White "Afanasieva, Alexandra"]
[Black "Fabris, Alberto"]
[Result "1-0"]
[WhiteElo "1857"]
[BlackElo "2230"]
[PlyCount "139"]
[EventDate "2023.03.21"]
[EventType "swiss (blitz)"]
[EventRounds "11"]
[EventCountry "USA"]
[SourceTitle "EXT 2024"]
[Source "ChessBase"]
[SourceDate "2023.10.10"]
[SourceVersion "1"]
[SourceVersionDate "2023.10.10"]
[SourceQuality "1"]

1. e4 c5 2. Nf3 d6 3. d4 cxd4 4. Nxd4 Nf6 5. f3 e5 6. Nb3 d5 7. Bg5 d4 8. c3 Nc6 9. Bc4 Be7 10. 0-0 0-0 11. Qd3 dxc3 12. Qxd8 Rxd8 13. Nxc3 Nd4 14. Rad1 Be6 15. Bxf6 Bxf6 16. Nd5 Bxd5 17. Bxd5 Nxb3 18. Bxb3 Be7 19. Rd5 Rxd5 20. Bxd5 Bc5+ 21. Kh1 Rb8 22. Rc1 Bb6 23. b4 Kf8 24. a4 a5 25. bxa5 Bxa5 26. Rc5 Bd8 27. g3 Ke7 28. Kg2 Kd6 29. Rb5 b6 30. Bb3 Bc7 31. Bxf7 Ra8 32. Bb3 Ra5 33. Rb4 Rc5 34. f4 h6 35. Bd5 Rc3 36. Rb1 Ra3 37. Bb3 Kc5 38. Rc1+ Kd6 39. fxe5+ Kxe5 40. Rxc7 Rxb3 41. Rxg7 Kxe4 42. Rh7 Kf5 43. Rxh6 Kg5 44. Rc6 Kh5 45. a5 bxa5 46. Rc5+ Kg6 47. Rxa5 Rc3 48. Kh3 Rc4 49. g4 Rb4 50. Kh4 Rb6 51. h3 Rc6 52. Ra4 Rb6 53. Ra8 Rc6 54. Rg8+ Kh7 55. Rg5 Kh6 56. Re5 Rb6 57. Re4 Kg6 58. g5 Rc6 59. Kg4 Rc1 60. Re6+ Kf7 61. Ra6 Rh1 62. h4 Rh2 63. Kh5 Rh1 64. Ra7+ Ke6 65. g6 Kf6 66. Rf7+ Ke6 67. Rf2 Rg1 68. Kh6 Rg4 69. h5 Ke7 70. g7 1-0

[Event "Titled Tuesday intern op 21st Mar Early"]
[Site "Chess.com INT"]
[Date "2023.03.21"]
[Round "7"]
[White "Blomqvist, Erik"]
[Black "Fabris, Alberto"]
[Result "1-0"]
[WhiteElo "2508"]
[BlackElo "2230"]
[PlyCount "57"]
[EventDate "2023.03.21"]
[EventType "swiss (blitz)"]
[EventRounds "11"]
[EventCountry "USA"]
[SourceTitle "EXT 2024"]
[Source "ChessBase"]
[SourceDate "2023.10.10"]
[SourceVersion "1"]
[SourceVersionDate "2023.10.10"]
[SourceQuality "1"]

1. e4 c5 2. Nf3 d6 3. d4 cxd4 4. Nxd4 Nf6 5. Nc3 a6 6. Be2 e5 7. Nb3 Be7 8. Be3 0-0 9. g4 Be6 10. g5 Nfd7 11. Qd2 Nc6 12. 0-0-0 Na5 13. Nd5 Nxb3+ 14. axb3 Bxd5 15. exd5 Qc7 16. Kb1 b5 17. h4 Nc5 18. f4 exf4 19. Bxf4 Rfe8 20. h5 Bf8 21. g6 fxg6 22. hxg6 h6 23. Bg4 Qe7 24. Rdf1 Qe4 25. b4 Na4 26. Be6+ Kh8 27. Bxh6 Rxe6 28. Bxg7+ Kxg7 29. Qh6+ 1-0

[Event "Titled Tuesday intern op 14th Mar Early"]
[Site "Chess.com INT"]
[Date "2023.03.14"]
[Round "5"]
[White "Avazkhonov, Alikhon"]
[Black "Fabris, Alberto"]
[Result "0-1"]
[WhiteElo "1538"]
[BlackElo "2230"]
[PlyCount "80"]
[EventDate "2023.03.14"]
[EventType "swiss (blitz)"]
[EventRounds "11"]
[EventCountry "USA"]
[SourceTitle "EXT 2024"]
[Source "ChessBase"]
[SourceDate "2023.10.10"]
[SourceVersion "1"]
[SourceVersionDate "2023.10.10"]
[SourceQuality "1"]

1. d4 Nf6 2. c4 e6 3. Nc3 Bb4 4. e3 0-0 5. Bd2 d5 6. Nf3 c5 7. a3 cxd4 8. axb4 dxc3 9. Bxc3 Ne4 10. Bd3 Nxc3 11. bxc3 dxc4 12. Bxc4 Nc6 13. 0-0 Qc7 14. Qe2 Ne5 15. Nxe5 Qxe5 16. Qd3 b6 17. Qd4 Qxd4 18. cxd4 Bb7 19. b5 Rfc8 20. Ra4 Bd5 21. Bxd5 exd5 22. Rfa1 g6 23. g4 Rc7 24. Ra6 Rb7 25. Rc1 Kf8 26. g5 Ke7 27. Kg2 Kd7 28. Rc6 Rc8 29. Rxc8 Kxc8 30. Kf3 Re7 31. Ra3 Kb7 32. Ke2 f5 33. gxf6 Rf7 34. e4 dxe4 35. Re3 Rxf6 36. Rxe4 Rf7 37. d5 Kc7 38. Re6 Rd7 39. Re5 Kd6 40. f4 Kc5 0-1